000
00260nam a2200097Ia 4500
001
655251
005
20250826154533.0
008
250824s9999 xx 000 0 und d
245
0
_a
ALİCE HARİKALAR DİYARINDA
_c
LEWIS CARROL
260
_b
ANTİK DÜNYA KLASİKLERİ
999
_c
655251
_d
655251